• 首页
  • 本馆介绍
  • 公告通知
  • 最新文献
  • 馆藏检索
  • 电子资源
  • 读者导购
  • 参考咨询
  • 我的图书馆
  • 登录
  • 详细信息显示
  • 放入我的书架
  • 预约/预借图书
  • 作者相关作品
  • 分类相关作品
  • 丛书相关作品
  • 出版社相关作品

书目信息

  • 表格格式
  • 工作单格式
  • 卡片格式
题名:
商业银行经营与管理
    
 
作者: 周浩明 , 肖紫琼 , 龚治国 编著
分册:  
出版信息: 上海   上海交通大学出版社  2014
页数: 245页
开本: 26cm
丛书名:
单 册:
中图分类: F830.33
科图分类:
主题词: 商业银行--经营管理--高等学校--教材
电子资源:
ISBN: 978-7-313-10925-5
000 01120nam0 2200277 450
001 338803
005 20150603153114.28
010    @a978-7-313-10925-5@dCNY39.00
100    @a20140611d2014 em y0chiy50 ea
101 0  @achi
102    @aCN@b310000
105    @ay z 000yy
106    @ar
200 1  @a商业银行经营与管理@Ashang ye yin hang jing ying yu guan li@d= Operate and management of commercial bank@f周浩明, 肖紫琼, 龚治国编著@zeng
210    @a上海@c上海交通大学出版社@d2014
215    @a245页@d26cm
300    @a普通高等院校财经、管理类应用型本科规划教材
330    @a本书详细阐述了商业银行的资本业务、资产业务、负债业务、中间业务知识;介绍了商业银行风险控制、营销管理、财务评价与绩效管理的方法;阐述了商业银行并购、金融创新、金融发展、金融监管等前沿问题。
510 1  @aOperate and management of commercial bank@zeng
606 0  @a商业银行@x经营管理@x高等学校@j教材
690    @aF830.33@v5
701  0 @a周浩明@Azhou hao ming@f(1964.7)@4编著
701  0 @a肖紫琼@Axiao zi qiong@4编著
701  0 @a龚治国@Agong zhi guo@f(1978)@4编著
801  0 @aCN@b卓展宏图@c20150525
905    @dF830.33@e305@f5
    
    商业银行经营与管理= Operate and management of commercial bank/周浩明, 肖紫琼, 龚治国编著.-上海:上海交通大学出版社,2014
    245页;26cm
    普通高等院校财经、管理类应用型本科规划教材
    
    ISBN 978-7-313-10925-5:CNY39.00
    本书详细阐述了商业银行的资本业务、资产业务、负债业务、中间业务知识;介绍了商业银行风险控制、营销管理、财务评价与绩效管理的方法;阐述了商业银行并购、金融创新、金融发展、金融监管等前沿问题。
●
相关链接 在E读中查询图书 在五车中查询图书 在当当中查询图书 在豆瓣中查询图书


正题名:商业银行经营与管理     索取号:F830.33/305         预约/预借

序号 登录号 条形码 馆藏地/架位号 状态 备注
1 860613   208606132   第一样本阅览室/ [索取号:F830.33/305] 在馆    
2 860614   208606141   密集书库-海洋学院/ [索取号:F830.33/305] 在馆    
3 860615   208606150   第一借阅区/ [索取号:F830.33/305] 在馆    
4 860616   208606169   第一借阅区/ [索取号:F830.33/305] 在馆    
5 860617   208606178   第一借阅区/ [索取号:F830.33/305] 在馆    
唐山师范学院图书馆 欢迎您!
大连网信软件有限公司© 版权所有